000 00901nam a2200217Ia 4500
003 GCL
005 20240530102940.0
008 140319s9999 xx 000 0 ara d
040 _aGCL /
_cGCL
082 0 4 _a947.01
_bف ت
100 1 _aفامبرى، أرمينيوس
245 1 0 _aتاريخ بخارى منذ اقدم العصور وحتى العصر الحاضر /
_cتاليف فامبرى، أرمينيوس ؛ ترجمه وعلق عليه احمد محمود الساداتى ؛ راجعه وقدم له يحيى الخشاب
260 _aالقاهرة :
_bمكتبة نهضة الشرق ،
_c1987
300 _a555 ص ؛
_c24 سم
650 0 4 _aالتاريخ الاسلامى
650 0 4 _aالحضارة الاسلامية
650 0 4 _aبخارى
700 1 _aاحمد محمود الساداتى
_eمترجم
700 1 _aيحيى الخشاب
_eمراجع
942 _2ddc
_cBK
999 _c35600
_d35600